| 000 | 00560nam a22001817i 4500 | ||
|---|---|---|---|
| 999 |
_c23537 _d23537 |
||
| 003 | AR-CdUCM | ||
| 008 | 260302b20222022 pe||||| |||| 00| 0 spa d | ||
| 020 | _a978-612-49046-9-1 | ||
| 040 |
_aMUNICIPALIDAD PROVINCIAL DEL CUSCO _cBIBLIOTECA MUNICIPAL DEL CUSCO |
||
| 041 | _hspa | ||
| 082 |
_aEP / 869.57 _bP783L |
||
| 100 |
_aPortugal Pinedo, Gloria _952366 |
||
| 245 | _aEl libro de los lugares lejanos / | ||
| 260 |
_aTrujillo-Perú _bNectranda Ediciones _c2022 |
||
| 300 |
_a101 páginas. : _c24x17 cm. |
||
| 942 |
_2ddc _cLIBROS |
||
| 945 |
_apbjr _d02-03-2026 |
||